000
002100000a22000970004500
100
1
_a
Suquen, Alex
245
1
0
_a
Action : Psalm 107:9
300
_a
Num. 21 (2002), Página 30
773
0
_t
Teartimes
942
_c
ANA
999
_c
56010
_d
56010